| 000 | 00485 a2200169 4500 | ||
|---|---|---|---|
| 001 | 66233 | ||
| 020 | _a0029465028 | ||
| 082 | _a658.3 CAR | ||
| 090 |
_c38519 _d38519 |
||
| 100 | _aCarrell Michael R. | ||
| 245 |
_aPersonnel / human resource management, 4th Ed _cCarrell Michael R. _hEnglish |
||
| 250 | _a4 | ||
| 260 |
_aNY _bMacmillan _c1993 |
||
| 300 | _axx, 792 p. | ||
| 600 |
_aFrank E. Kuzmtis; Norbert F. Elbert _thuman resource management |
||
| 650 | _aPersonnel management | ||
| 942 |
_aNUST-CAE _k658.3 CAR |
||
| 999 |
_c301306 _d301306 |
||